Հայ ժողովրդի ավանդը Հայրենական Մեծ պատերազմում տարած հաղթանակում (1941-1945) / (Record no. 134059)
[ view plain ]
| 000 -LEADER | |
|---|---|
| fixed length control field | 00887nam a2200217 a 4500 |
| 001 - CONTROL NUMBER | |
| control field | 000350499 |
| 003 - CONTROL NUMBER IDENTIFIER | |
| control field | AM-YeHGA |
| 005 - DATE AND TIME OF LATEST TRANSACTION | |
| control field | 20250618072206.0 |
| 008 - FIXED-LENGTH DATA ELEMENTS--GENERAL INFORMATION | |
| fixed length control field | 040712s2001 ai 000 | arm d |
| 020 ## - INTERNATIONAL STANDARD BOOK NUMBER | |
| International Standard Book Number | 999302161X |
| 040 ## - CATALOGING SOURCE | |
| Original cataloging agency | AM-YeHGA |
| 041 0# - LANGUAGE CODE | |
| Language code of text/sound track or separate title | arm |
| 090 ## - LOCALLY ASSIGNED LC-TYPE CALL NUMBER (OCLC); LOCAL CALL NUMBER (RLIN) | |
| -- | 135426 |
| 100 1# - MAIN ENTRY--PERSONAL NAME | |
| Personal name | Հարությունյան, Կլիմենտ Ամասիայի, |
| Dates associated with a name | 1940- |
| 9 (RLIN) | 2716 |
| 245 10 - TITLE STATEMENT | |
| Title | Հայ ժողովրդի ավանդը Հայրենական Մեծ պատերազմում տարած հաղթանակում (1941-1945) / |
| Statement of responsibility, etc. | Կ. Հարությունյան, Հ. Մանուկյան. |
| 260 ## - PUBLICATION, DISTRIBUTION, ETC. | |
| Place of publication, distribution, etc. | Երևան : |
| Name of publisher, distributor, etc. | Զանգակ-97, |
| Date of publication, distribution, etc. | 2001. |
| 300 ## - PHYSICAL DESCRIPTION | |
| Extent | 128 էջ ; |
| Dimensions | 19 էջ. |
| 504 ## - BIBLIOGRAPHY, ETC. NOTE | |
| Bibliography, etc. note | Մատենագիտ. տողատ. ծանոթ.` հայ. և ռուս. |
| 650 14 - SUBJECT ADDED ENTRY--TOPICAL TERM | |
| Topical term or geographic name entry element | Հայրենական Մեծ պատերազմ |
| 9 (RLIN) | 887 |
| 700 1# - ADDED ENTRY--PERSONAL NAME | |
| Personal name | Մանուկյան, Հրաչիկ Հարությունի |
| Withdrawn status | Lost status | Damaged status | Not for loan | Collection | Home library | Current library | Date acquired | Total checkouts | Full call number | Barcode | Date last seen | Price effective from | Koha item type | Public note |
|---|---|---|---|---|---|---|---|---|---|---|---|---|---|---|
| General | Fundamental Scientific Library | Fundamental Scientific Library | 22/12/2016 | AII/86460 | FL0066308 | 22/12/2016 | 22/12/2016 | Գրքեր / Books | 30 Days Loan | |||||
| General | Fundamental Scientific Library | Fundamental Scientific Library | 22/12/2016 | AII/86461 | FL0066309 | 22/12/2016 | 22/12/2016 | Գրքեր / Books | 30 Days Loan |
ՀՀ Գիտությունների ազգային ակադեմիայի հիմնարար գիտական գրադարան = Fundamental Scientific Library of NAS RA
All site content, except where otherwise noted, is licensed under a